[Event "Flick-SM B"]
[Site "Limhamn"]
[Date "2016.01.24"]
[Round "7"]
[White "Lauridsen, Linnea"]
[Black "Cao-Chang, Lina"]
[Result "0-1"]
[WhiteElo "1100"]
[BlackElo "1747"]
[WhiteTeam "Helsingborgs ASK"]
[BlackTeam "Stockholms SS"]

1.c4 e5 2.Nc3 Nc6 3.d3 Nf6 4.Nf3 d6 5.g3 Be7 6.Be3 Ng4 7.Qd2 O-O 8.Bg2 Be6
9.Ng5 Nxe3 10.fxe3 Bxg5 11.O-O-O Rb8 12.Nd5 Ne7 13.h4 Bxd5 14.cxd5 Bf6 15.
e4 c6 16.Kb1 cxd5 17.exd5 b5 18.Be4 b4 19.b3 Qa5 20.Rc1 Nxd5 21.Bxd5 Qxd5 
22.e4 Qb7 23.Rc4 d5 24.exd5 Qxd5 25.Rhc1 Rfd8 26.Rxb4 Rxb4 27.Qxb4 Qxd3+ 
28.Kb2 e4+ 29.Ka3 Qa6+ 30.Qa4 Qd6+ 31.Qb4 Qe5 32.Rc7 Qxc7 0-1

[Event "Flick-SM B"]
[Site "Limhamn"]
[Date "2016.01.24"]
[Round "8"]
[White "Opdenries, Zoe"]
[Black "Golubenko, Alexandra"]
[Result "0-1"]
[WhiteElo "1000"]
[BlackElo "1353"]
[WhiteTeam "Nolereds SK"]
[BlackTeam "Limhamns SK"]

1.e4 e5 2.Nf3 Nc6 3.Nc3 Nf6 4.Bb5 d6 5.d3 Be7 6.Bg5 O-O 7.O-O Bg4 8.Re1 
Nd4 9.Re3 c6 10.Bc4 Nxf3+ 11.Rxf3 Bxf3 12.Qxf3 Nd7 13.Be3 Bg5 14.Ne2 Bxe3 
15.Qxe3 Nb6 16.Bb3 Kh8 17.Ng3 Nc8 18.Nf5 Ne7 19.Ng3 f5 20.Re1 f4 21.Qf3 
fxg3 22.Qxg3 Ng6 23.f3 Qh4 24.Qf2 Qxf2+ 25.Kxf2 Nf4 26.g3 Nh3+ 27.Ke3 Rf6 
28.Rf1 Raf8 29.f4 exf4+ 30.gxf4 Rxf4 31.Re1 Rf3+ 32.Kd4 g5 33.e5 dxe5+ 34.
Kxe5 Re8+ 35.Be6 Nf4 36.Re4 Rxe6+ 37.Kd4 Rxe4+ 38.Kxe4 g4 39.d4 Ng6 40.c4 
Rf2 41.d5 cxd5+ 42.cxd5 Rxh2 43.d6 Rd2 44.Ke3 Rxd6 45.Kf2 Rd3 46.b3 g3+ 
47.Ke2 Nf4+ 48.Kf1 g2+ 49.Ke1 g1=Q# 0-1

[Event "Flick-SM B"]
[Site "Limhamn"]
[Date "2016.01.24"]
[Round "8"]
[White "Johansson, Elizabeth"]
[Black "Nabbing, Johanna"]
[Result "1-0"]
[WhiteElo "1403"]
[BlackElo "1028"]
[WhiteTeam "Eslövs SK"]
[BlackTeam "SS Manhem"]

1.e4 d5 2.exd5 Nf6 3.Nc3 Nxd5 4.Nxd5 Qxd5 5.Nf3 Nc6 6.Be2 e5 7.d3 Bc5 8.
O-O Be6 9.Be3 O-O-O 10.Ng5 f6 11.Nxe6 Qxe6 12.Bxc5 b6 13.Be3 Rd7 14.c3 
Rhd8 15.Qc2 g6 16.Rfd1 f5 17.f4 Qf6 18.Qa4 h6 19.fxe5 Qxe5 20.Kf2 Qd6 21.
Bf3 Ne5 22.Qxa7 c6 23.Qxb6 Nxd3+ 24.Rxd3 Qxd3 25.Qxc6+ Rc7 26.Qa8+ Kd7 27.
Qd5+ Qxd5 28.Bxd5 Ke7 29.Bb6 Rxd5 30.Bxc7 Rd2+ 31.Kf1 Rxb2 32.a4 Rc2 33.
Be5 Ke6 34.Bd4 Kd5 35.a5 Rd2 36.a6 Rxd4 37.cxd4 Kxd4 38.a7 Kc4 39.a8=Q Kb4
40.Qc8 Kb5 41.Rb1+ Ka5 42.Qa8# 1-0

[Event "Flick-SM B"]
[Site "Limhamn"]
[Date "2016.01.24"]
[Round "8"]
[White "Cao-Chang, Lina"]
[Black "Skans, Marjana"]
[Result "1-0"]
[WhiteElo "1747"]
[BlackElo "1243"]
[WhiteTeam "Stockholms SS"]
[BlackTeam "Limhamns SK"]

1.e4 e6 2.d4 d5 3.Nc3 a6 4.Nf3 c5 5.dxc5 Bxc5 6.exd5 exd5 7.Qxd5 Qxd5 8.
Nxd5 Bg4 9.Nc7+ Ke7 10.Nxa8 Bxf3 11.gxf3 Nf6 12.Be3 Bb4+ 13.c3 Ba5 14.
O-O-O Bd8 15.Nb6 Nc6 16.Bh3 Ne5 17.Bc5+ Ke8 18.Rhe1 Bc7 19.f4 Bd6 20.Rxd6 
Ne4 21.Rxe4 f6 22.Bd7+ Kf7 23.fxe5 Rd8 24.Be6+ Kg6 25.Rxd8 h6 26.Rg4+ Kh5 
27.Rdd4 f5 28.Bf7+ g6 29.Bxg6# 1-0

[Event "Flick-SM B"]
[Site "Limhamn"]
[Date "2016.01.24"]
[Round "8"]
[White "Mamadova, Saida"]
[Black "Uhrberg, Hillevi"]
[Result "1-0"]
[WhiteElo "1517"]
[BlackElo "1139"]
[WhiteTeam "Limhamns SK"]
[BlackTeam "Helsingborgs ASK"]

1.d4 d5 2.c4 e6 3.Nc3 Nf6 4.Bg5 Be7 5.e3 O-O 6.Nf3 Nbd7 7.cxd5 exd5 8.Bd3 
c6 9.O-O Re8 10.Rc1 Qc7 11.Bf4 Bd6 12.Nb5 Qd8 13.Nxd6 Re7 14.Nf5 Re8 15.
Re1 Nf8 16.Ng3 Ng6 17.Be5 Ng4 18.Bxg6 Nxe5 19.Bxh7+ Kxh7 20.Nxe5 Kg8 21.
Qh5 Qf6 22.e4 Be6 23.Re3 Qh6 24.Qxh6 gxh6 25.Nh5 Kh8 26.exd5 Bxd5 27.Nf6 
Re7 28.Nxd5 cxd5 29.Ng6+ fxg6 30.Rxe7 1-0

[Event "Flick-SM B Play Off"]
[Site "Limhamn"]
[Date "2016.01.24"]
[Round "1"]
[White "Cao-Chang, Lina"]
[Black "Johansson, Elizabeth"]
[Result "1-0"]
[WhiteElo "1747"]
[BlackElo "1403"]
[WhiteTeam "Stockholms SS"]
[BlackTeam "Eslövs SK"]

1.e4 e5 2.Nf3 Nc6 3.Bb5 a6 4.Ba4 Nf6 5.O-O Be7 6.d3 b5 7.Bb3 d6 8.Bg5 Bd7 
9.c3 Na5 10.Bc2 c5 11.Re1 O-O 12.d4 Qc7 13.d5 h6 14.Bxf6 Bxf6 15.Nbd2 Bg4 
16.h3 Bh5 17.Nf1 c4 18.Ng3 Bg6 19.Qd2 Qe7 20.b3 cxb3 21.axb3 Nb7 22.Bd3 
Bh4 23.Nxh4 Qxh4 24.c4 bxc4 25.Bxc4 Nc5 26.Qc2 f5 27.Nxf5 Bxf5 28.exf5 Qf6
29.b4 Nd7 30.Rxa6 Rxa6 31.Bxa6 Qxf5 32.Qxf5 Rxf5 33.b5 Nc5 34.Ra1 Rf8 35.
b6 Rb8 36.b7 Nxb7 37.Rb1 Kf7 38.Rxb7+ Rxb7 39.Bxb7 Ke7 40.Bc6 g6 41.f3 Kf6
42.Kf2 g5 43.Ke3 h5 44.g3 Kf5 45.g4+ hxg4 46.hxg4+ Kf6 47.Ke4 Kg6 48.Be8+ 
Kf6 1-0

[Event "Flick-SM B Play Off"]
[Site "Limhamn"]
[Date "2016.01.24"]
[Round "2"]
[White "Johansson, Elizabeth"]
[Black "Cao-Chang, Lina"]
[Result "0-1"]
[WhiteElo "1403"]
[BlackElo "1747"]
[WhiteTeam "Eslövs SK"]
[BlackTeam "Stockholms SS"]

1.e4 c5 2.Nf3 Nc6 3.d4 cxd4 4.Nxd4 Nf6 5.Nc3 e5 6.Nb3 Bb4 7.Bd3 d5 8.exd5 
Nxd5 9.Bd2 O-O 10.Nxd5 Qxd5 11.O-O e4 12.Be2 Bxd2 13.Qxd2 Qxd2 14.Nxd2 f5 
15.a3 Nd4 16.Bd1 Be6 17.c3 Nc6 18.Bb3 Bxb3 19.Nxb3 Rad8 20.Rad1 Kf7 21.Nc5
b6 22.Na4 Ke7 23.b4 Ne5 24.Nb2 Rc8 25.Rc1 Rfd8 26.Rfe1 Rd2 27.Red1 Rxb2 
28.Rd5 Nd3 29.Rd1 g6 30.f3 Ke6 31.fxe4 fxe4 32.Rd4 Ke5 33.Rd7 Rf8 34.h3 
Rff2 35.Re7+ Kd6 36.Rxe4 Rxg2+ 37.Kh1 Rh2+ 38.Kg1 Rbg2+ 39.Kf1 Rh1+ 40.
Kxg2 Rxd1 41.Rd4+ Ke6 42.Kf3 Nb2 43.Rxd1 Nxd1 44.Ke4 Nxc3+ 45.Kd4 Nb5+ 0-1

[Event "Flick-SM C"]
[Site "Limhamn"]
[Date "2016.01.23"]
[Round "3"]
[White "Westin, Nathalie"]
[Black "Slowak, Ida"]
[Result "0-1"]
[WhiteElo "1394"]
[BlackElo "1294"]
[WhiteTeam "Limhamns SK"]
[BlackTeam "Jönköping-Husqvarna SK"]

1.d4 c5 2.c4 cxd4 3.Qxd4 Nc6 4.Qd1 e6 5.a3 a6 6.e3 b6 7.Nc3 Bb7 8.Nf3 h6 
9.Be2 Nf6 10.O-O g5 11.h3 g4 12.hxg4 Nxg4 13.Nd4 Rg8 14.Bxg4 Ne5 15.f3 Qh4
16.e4 Nxg4 17.fxg4 Rxg4 18.Qf3 Rg7 19.Qh3 Qxh3 20.Rf2 Bd6 21.Nf3 Qg4 22.
Bxh6 Rg6 23.Be3 Bxe4 24.Nxe4 Qxe4 25.Bxb6 Qxc4 26.Bd4 Ke7 27.Rd1 Bc5 28.
Ne5 Qb5 29.Nxg6+ fxg6 30.Bxc5+ Qxc5 31.Rf1 Rf8 32.b4 Qd4 33.g3 Rxf2 34.
Rxf2 Qd3 35.Rg2 Qxa3 36.Rf2 Qxb4 37.Ra2 a5 38.Rf2 a4 39.Rf4 Qb3 40.Kg2 a3 
41.Rf3 Qxf3+ 42.Kxf3 a2 43.Kg4 a1=Q 44.Kg5 Qf6+ 45.Kh6 Qf3 46.Kxg6 Qxg3+ 
47.Kh6 Kf6 48.Kh5 Qg5# 0-1

[Event "Flick-SM C"]
[Site "Limhamn"]
[Date "2016.01.23"]
[Round "3"]
[White "Linden, Tess"]
[Black "Ng, Agnes"]
[Result "0-1"]
[WhiteElo "1049"]
[BlackElo "1406"]
[WhiteTeam "Örebro SS"]
[BlackTeam "Örgryte SK"]

1.e4 c5 2.Nf3 Nc6 3.d4 cxd4 4.Nxd4 g6 5.Nc3 Bg7 6.Be3 Nf6 7.Qd2 Ng4 8.Nxc6
bxc6 9.Bf4 O-O 10.f3 Nf6 11.Bh6 d6 12.Bxg7 Kxg7 13.h4 Nh5 14.f4 Ng3 15.Rh3
Bxh3 16.gxh3 Nxf1 17.Kxf1 Qb6 18.h5 Qa6+ 19.Ke1 Qc8 20.hxg6 hxg6 21.f5 Qc7
22.Qd4+ f6 23.Ke2 Rg8 24.Rg1 Kf8 25.Qe3 g5 26.h4 Qb6 27.Qd2 Qxg1 28.Nd1 
Qg4+ 29.Ke1 Qxe4+ 30.Kf1 Qxf5+ 31.Nf2 gxh4 32.Qh6+ Kf7 33.Qxh4 Rg7 34.Qc4+
Qd5 35.Qxd5+ cxd5 36.a3 Rag8 37.Nh3 Rh8 38.Ng1 Rh1 39.a4 Rhxg1+ 40.Kf2 
R7g3 41.a5 R1g2+ 42.Kf1 Rxc2 43.a6 Rh3 44.Kg1 Rd3 45.Kf1 Rd1# 0-1

[Event "Flick-SM C"]
[Site "Limhamn"]
[Date "2016.01.23"]
[Round "3"]
[White "Wass, Elsa"]
[Black "Zarytovskaya, Margo"]
[Result "0-1"]
[WhiteElo "1122"]
[BlackElo "1752"]
[WhiteTeam "Västerås SK"]
[BlackTeam "Västerås SK"]

1.e4 c5 2.Nf3 e6 3.Nc3 a6 4.Be2 Nc6 5.a3 Nf6 6.d4 cxd4 7.Nxd4 Be7 8.O-O 
O-O 9.Bg5 h6 10.Bh4 Qa5 11.b4 Qb6 12.Nxc6 Qxc6 13.Qd3 d6 14.Bf3 Qc7 15.
Rad1 Rd8 16.Qe3 Ne8 17.Bxe7 Qxe7 18.e5 d5 19.Qf4 Bd7 20.Rd3 Rac8 21.Rc1 
Rc4 22.Qg3 Rdc8 23.Be2 d4 24.Rf3 Rxc3 25.Bd3 Bb5 26.Bxb5 axb5 27.h3 Rxc2 
28.Rxc2 Rxc2 29.Qf4 Rc4 30.Rg3 Kh8 31.Rf3 Nc7 32.Qxf7 Qxf7 33.Rxf7 d3 34.
Rd7 Nd5 35.g4 d2 36.g5 d1=Q+ 37.Kg2 Nf4+ 38.Kg3 Qxd7 39.gxh6 Qd3+ 40.f3 
Nh5+ 41.Kf2 Qd2+ 42.Kf1 Rc1# 0

[Event "Flick-SM C"]
[Site "Limhamn"]
[Date "2016.01.23"]
[Round "3"]
[White "Nyberg, Emy"]
[Black "Moren, Sara"]
[Result "1-0"]
[WhiteElo "1066"]
[BlackElo "1110"]
[WhiteTeam "Oxie SK"]
[BlackTeam "Limhamns SK"]

1.e4 e5 2.Nf3 d6 3.Bc4 Nf6 4.Nc3 Bg4 5.h3 Bxf3 6.Qxf3 Nc6 7.d3 Nd4 8.Qd1 
Be7 9.Bg5 O-O 10.Nd5 Nxd5 11.Bxd5 Bxg5 12.c3 Nb5 13.O-O h6 14.Qf3 c6 15.
Bb3 c5 16.Rad1 Qe8 17.Bd5 Rb8 18.Qh5 Nc7 19.Bc4 g6 20.Qxg6+ Kh8 21.Qxd6 
Bd8 22.Qxh6+ Kg8 23.Rfe1 Ne6 24.Qh4 Bxh4 25.Re3 b5 26.Bb3 Bg5 27.Rg3 Rc8 
28.c4 bxc4 29.Bxc4 Qa4 30.Ra1 Kg7 31.Bb3 Qd4 32.Rb1 Rb8 33.Bc4 Rxb2 34.
Rxb2 Qxb2 35.h4 f6 36.Bxe6 Qb6 37.Bc4 Kh6 38.hxg5+ fxg5 39.Rh3+ Kg6 40.a4 
Qb4 41.Bb5 Qd4 42.Kh2 Qd8 43.Kg1 Rh8 44.Rg3 Qg8 45.Bc4 Qh7 46.Rh3 Qg7 47.
Rf3 g4 48.Bf7+ Kg5 49.Rf5+ Kh6 50.Rh5# 1-0

[Event "Flick-SM C"]
[Site "Limhamn"]
[Date "2016.01.23"]
[Round "4"]
[White "Linden, Tess"]
[Black "Wass, Elsa"]
[Result "0-1"]
[WhiteElo "1049"]
[BlackElo "1122"]
[WhiteTeam "Örebro SS"]
[BlackTeam "Västerås SK"]

1.e4 e5 2.Nf3 Nc6 3.Nc3 Bc5 4.Bc4 d6 5.d3 h6 6.h3 Nf6 7.O-O Be6 8.Bxe6 
fxe6 9.Bd2 O-O 10.Be3 Bd4 11.Bxd4 exd4 12.Nb5 e5 13.c3 a6 14.Na3 d5 15.Qb3
b6 16.cxd4 Nxd4 17.Nxd4 exd4 18.Rac1 Rf7 19.e5 Nh5 20.Rc6 Qg5 21.g3 Nxg3 
22.Re1 Ne4+ 23.Kh1 Nxf2+ 24.Kh2 Ng4+ 25.Kh1 Qd2 26.Rc2 Qxe1+ 27.Kg2 Qf1+ 
28.Kg3 Qf3+ 29.Kh4 g5+ 30.Kh5 Qxh3+ 31.Kg6 Nxe5# 0-

[Event "Flick-SM C"]
[Site "Limhamn"]
[Date "2016.01.23"]
[Round "4"]
[White "Westin, Nathalie"]
[Black "Ravik, Cecilia"]
[Result "1/2-1/2"]
[WhiteElo "1394"]
[BlackElo "1128"]
[WhiteTeam "Limhamns SK"]
[BlackTeam "Vaggeryds SK"]

1.d4 d5 2.c4 dxc4 3.e3 Nf6 4.Nc3 Nc6 5.Bxc4 Bf5 6.a3 e6 7.Nf3 Bd6 8.O-O 
O-O 9.Re1 Qe7 10.h3 Rad8 11.e4 Nxe4 12.Nxe4 Bxe4 13.Rxe4 Rd7 14.Qb3 b6 15.
Qc3 Rfd8 16.Bb5 Rc8 17.Bxc6 Rdd8 18.Bg5 f6 19.Bf4 Bxf4 20.Rxf4 Rd6 21.Ba4 
c5 22.dxc5 Rxc5 23.Rc4 Rcd5 24.Rc7 Qf8 25.Rxa7 h6 26.Rc1 Rc5 27.Qe3 Rxc1+ 
28.Qxc1 e5 29.Bb3+ Kh8 30.Qc2 Qe8 31.Rc7 e4 32.Nd2 f5 33.f3 e3 34.Rc8 Rd8 
35.Rxd8 Qxd8 36.Nc4 Qd4 37.Nxe3 Qxe3+ 38.Kh2 g6 39.Qc8+ Kg7 40.Qd7+ Kf6 
41.Qf7+ Kg5 42.Qe6 Qf4+ 43.Kg1 Qc1+ 44.Kh2 Qf4+ 1/2-1/2

[Event "Flick-SM C"]
[Site "Limhamn"]
[Date "2016.01.23"]
[Round "4"]
[White "Ng, Agnes"]
[Black "Nyberg, Emy"]
[Result "1-0"]
[WhiteElo "1406"]
[BlackElo "1066"]
[WhiteTeam "Örgryte SK"]
[BlackTeam "Oxie SK"]

1.e4 e5 2.Nf3 Nc6 3.Bb5 Bc5 4.c3 d6 5.h3 Nf6 6.d4 exd4 7.Nxd4 Bd7 8.O-O 
Nxe4 9.Re1 Qe7 10.f3 Qe5 11.Rxe4 O-O-O 12.Rxe5 dxe5 13.Kh1 Ne7 14.Bxd7+ 
Rxd7 15.Qc2 g6 16.Nb3 Bb6 17.f4 Rhd8 18.Bd2 Nd5 19.Na3 exf4 20.Nc4 Re8 21.
Nxb6+ axb6 22.Rf1 Ne3 23.Bxe3 fxe3 24.Re1 h5 25.Qc1 Rde7 26.Re2 f5 27.h4 
Re4 28.g3 f4 29.gxf4 Rxf4 30.Qe1 Ref8 31.Kg1 Rf1+ 32.Qxf1 Rxf1+ 33.Kxf1 c5
34.Rxe3 b5 35.Nxc5 Kc7 36.Re6 b6 37.Na6+ Kb7 38.Nb4 Kc7 39.Rxg6 Kd7 40.Ke2
Ke7 41.Ke3 Kf7 42.Rxb6 Kg7 43.Kf4 Kh7 44.Kg5 Kg7 45.Rb7+ Kf8 46.Kf6 Ke8 
47.Ke6 Kd8 48.Rd7+ Ke8 49.Kd6 Kf8 50.Re7 Kg8 51.Ke6 Kh8 52.Kf6 Kg8 53.Re8+
Kh7 54.Kf7 Kh6 55.Rh8# 1-0

[Event "Flick-SM C"]
[Site "Limhamn"]
[Date "2016.01.23"]
[Round "4"]
[White "Zarytovskaya, Margo"]
[Black "Slowak, Ida"]
[Result "1-0"]
[WhiteElo "1752"]
[BlackElo "1294"]
[WhiteTeam "Västerås SK"]
[BlackTeam "Jönköping-Husqvarna SK"]

1.e4 c5 2.f4 e6 3.Nf3 h6 4.Nc3 a6 5.d3 Nc6 6.Be2 b6 7.O-O Bb7 8.a3 Be7 9.
Qe1 g5 10.f5 Nf6 11.e5 Ng4 12.f6 Bf8 13.Qg3 h5 14.Ne4 Rg8 15.Nexg5 Bh6 16.
Qh4 Nd4 17.Nxd4 cxd4 18.Bxg4 Bxg5 19.Bxg5 hxg4 20.Qh7 d6 21.Qxg8+ Kd7 22.
Qxf7+ Kc6 23.Qxe6 1

[Event "Flick-SM C"]
[Site "Limhamn"]
[Date "2016.01.23"]
[Round "5"]
[White "Moren, Sara"]
[Black "Kullberg Thorn, Isa"]
[Result "0-1"]
[WhiteElo "1110"]
[BlackElo "1020"]
[WhiteTeam "Limhamns SK"]
[BlackTeam "Kristallens SK"]

1.e4 e5 2.Nf3 Nc6 3.Nc3 Bc5 4.d3 Bb4 5.a3 Bxc3+ 6.bxc3 d6 7.Bg5 f6 8.Be3 
Bg4 9.d4 exd4 10.cxd4 Qe7 11.Bd3 O-O-O 12.h3 Bh5 13.Qb1 Bxf3 14.gxf3 a6 
15.d5 Ne5 16.Be2 g6 17.Bd4 f5 18.exf5 gxf5 19.f4 Nf3+ 20.Kf1 Nd2+ 21.Kg2 
Nxb1 22.Bxh8 Nd2 23.Rae1 Qf7 24.Bc4 Nxc4 25.Bd4 Qxd5+ 26.Kg1 Qxd4 27.Kg2 
Nf6 28.Rhf1 Rg8+ 29.Kh2 Qxf4+ 30.Kh1 Ng4 31.hxg4 Qxg4 32.Rg1 Qh4# 0-1

[Event "Flick-SM C"]
[Site "Limhamn"]
[Date "2016.01.23"]
[Round "5"]
[White "Wass, Elsa"]
[Black "Ravik, Cecilia"]
[Result "1-0"]
[WhiteElo "1122"]
[BlackElo "1128"]
[WhiteTeam "Västerås SK"]
[BlackTeam "Vaggeryds SK"]

1.e4 e5 2.Nf3 Nc6 3.Bc4 Nf6 4.Ng5 d5 5.exd5 Na5 6.d3 Nxc4 7.dxc4 Bc5 8.h3 
O-O 9.Nc3 h6 10.Nf3 Bf5 11.O-O Ne4 12.Nxe5 Nxc3 13.bxc3 Re8 14.Nf3 c6 15.
Be3 Bxe3 16.fxe3 Rxe3 17.Nd4 Bg6 18.dxc6 bxc6 19.Nxc6 Qxd1 20.Raxd1 Rxc3 
21.Ne7+ Kh7 22.Nxg6 Kxg6 23.Rd6+ f6 24.Rf2 Re8 25.Ra6 Rxc4 26.Rxa7 Re5 27.
a4 Kh5 28.Rxg7 Rxa4 29.Rxf6 Kh4 30.Rxh6+ Rh5 31.g3+ Kxh3 32.Rxh5+ 1-0

[Event "Flick-SM C"]
[Site "Limhamn"]
[Date "2016.01.23"]
[Round "5"]
[White "Slowak, Ida"]
[Black "Nyberg, Emy"]
[Result "1-0"]
[WhiteElo "1294"]
[BlackElo "1066"]
[WhiteTeam "Jönköping-Husqvarna SK"]
[BlackTeam "Oxie SK"]

1.e4 e5 2.Bc4 Nf6 3.d3 Bc5 4.Nf3 d6 5.a3 a6 6.h3 Nc6 7.c3 O-O 8.g4 d5 9.
exd5 Nxd5 10.Nbd2 Nf4 11.g5 Nxh3 12.Ne4 b5 13.Ba2 a5 14.Nxc5 b4 15.Be3 Rb8
16.Qd2 bxa3 17.bxa3 Bg4 18.Ne4 Bxf3 19.Rxh3 Bg2 20.Rh4 Qe7 21.Ke2 Qd7 22.
Rg1 Bxe4 23.Rxe4 Rb7 24.Rh4 Rfb8 25.Kf3 Qf5+ 26.Kg2 Rb2 27.Bxf7+ Qxf7 28.
Qd1 Qd5+ 29.Qf3 Qxf3+ 30.Kxf3 R2b3 31.g6 h6 32.Rc4 Rxa3 33.Rxc6 Rab3 34.
Rxc7 a4 35.Ba7 Rf8+ 36.Ke4 Re8 37.Ra1 Re6 38.Rc8+ Re8 39.Rxe8# 1-0

[Event "Flick-SM C"]
[Site "Limhamn"]
[Date "2016.01.23"]
[Round "5"]
[White "Ng, Agnes"]
[Black "Zarytovskaya, Margo"]
[Result "0-1"]
[WhiteElo "1406"]
[BlackElo "1752"]
[WhiteTeam "Örgryte SK"]
[BlackTeam "Västerås SK"]

1.e4 c5 2.Nf3 e6 3.d4 cxd4 4.c3 dxc3 5.Nxc3 a6 6.Bc4 Bc5 7.O-O Ne7 8.Qe2 
Qc7 9.Bb3 O-O 10.Rd1 Nbc6 11.Bg5 d6 12.Na4 b5 13.Nxc5 dxc5 14.Rac1 c4 15.
Bc2 e5 16.b3 Be6 17.Be3 Rfd8 18.Qe1 Rxd1 19.Rxd1 Rd8 20.h3 Ng6 21.Ng5 Nd4 
22.Nxe6 fxe6 23.Qd2 Nf3+ 24.gxf3 Rxd2 25.Rxd2 c3 26.Rd1 b4 27.Bg5 h6 28.
Be3 Nh4 29.Kh2 Nxf3+ 30.Kg3 Nd4 31.Bxd4 exd4+ 32.f4 e5 33.Kf3 Qf7 34.f5 
Qh5+ 35.Kf2 Qxh3 36.Ke2 Qe3+ 37.Kf1 h5 38.Re1 Qf3+ 39.Kg1 d3 40.Bd1 Qg3+ 
41.Kf1 c2 0-

[Event "Flick-SM C"]
[Site "Limhamn"]
[Date "2016.01.23"]
[Round "6"]
[White "Kullberg Thorn, Isa"]
[Black "Zarytovskaya, Margo"]
[Result "0-1"]
[WhiteElo "1020"]
[BlackElo "1752"]
[WhiteTeam "Kristallens SK"]
[BlackTeam "Västerås SK"]

1.e4 c5 2.Bb5 a6 3.Bc4 e6 4.Nc3 b5 5.Be2 Nf6 6.Bf3 Bb7 7.e5 Nd5 8.Nxd5 
exd5 9.d3 Be7 10.c4 d6 11.cxd5 dxe5 12.Nh3 Bxd5 13.Bxd5 Qxd5 14.Qf3 Qxf3 
15.gxf3 Nc6 16.Bg5 Bxg5 17.Nxg5 Nd4 18.O-O-O O-O 19.Rde1 f6 20.Nh3 Nxf3 
21.Re3 Nd4 22.f4 Rae8 23.Rhe1 Nc6 24.a3 Kf7 25.f5 Nd4 26.Kb1 Nxf5 27.R3e2 
Rd8 28.Nf2 Rd4 29.Rc2 c4 30.dxc4 Rxc4 31.Rxc4 bxc4 32.Rd1 Ke6 33.Ng4 Rc8 
34.Rc1 h5 35.Nf2 Nd4 36.Ne4 f5 37.Ng5+ Kf6 38.Nh3 g5 39.Nf2 e4 40.Rd1 Ke5 
41.Rc1 e3 42.Nd3+ cxd3 43.Rxc8 d2 44.b4 d1=Q+ 45.Rc1 Qb3+ 46.Ka1 Nc2+ 47.
Rxc2 Qxc2 48.h3 e2 49.b5 e1=R# 0-1

[Event "Flick-SM C"]
[Site "Limhamn"]
[Date "2016.01.23"]
[Round "6"]
[White "Nyberg, Emy"]
[Black "Westin, Nathalie"]
[Result "0-1"]
[WhiteElo "1066"]
[BlackElo "1394"]
[WhiteTeam "Oxie SK"]
[BlackTeam "Limhamns SK"]

1.e4 e6 2.Bc4 d5 3.exd5 exd5 4.Qe2+ Be7 5.Bb3 Nf6 6.d4 Bg4 7.Qe5 O-O 8.h3 
Bh5 9.Ne2 Bd6 10.Qe3 Re8 11.Qd3 Qe7 12.Be3 Qe6 13.Nbc3 Bb4 14.O-O a6 15.
Nf4 Bg6 16.Qd2 Bxc3 17.Qxc3 Qd6 18.Nxg6 hxg6 19.Qd2 Nc6 20.Bf4 Qd7 21.Bg5 
Ne4 22.Qc1 Nxg5 23.Qxg5 Nxd4 24.Bxd5 c6 25.Qh4 Ne2+ 26.Kh1 Qxd5 27.Rad1 
Qe4 28.Qg5 Qxc2 29.Qg4 Qe4 30.Qg5 Qf5 31.Qd2 Nf4 32.b4 Nd5 33.a3 Rac8 34.
a4 b5 35.axb5 axb5 36.Qc1 Nxb4 37.Qb2 c5 38.Qa3 Ra8 39.Qc1 Qc2 40.Rd2 Qxc1
41.Rxc1 Rec8 42.f4 Ra2 43.Rd6 Rc2 44.Rcd1 Nc6 45.g4 b4 46.Rb1 c4 47.Rdd1 
b3 48.Rdc1 Rxc1+ 49.Rxc1 Nb4 50.Kh2 b2 51.Rb1 c3 52.Kg3 Nd3 53.f5 c2 54.
Rf1 c1=Q 55.Rxc1 bxc1=Q 56.fxg6 fxg6 57.Kh4 Rc5 58.Kg3 Qe1+ 59.Kf3 Nb4 60.
h4 Qc3+ 61.Ke2 Rd5 62.h5 Rd2+ 63.Kf1 Qc1# 0-1

[Event "Flick-SM C"]
[Site "Limhamn"]
[Date "2016.01.23"]
[Round "6"]
[White "Sorensen, Alva"]
[Black "Wass, Elsa"]
[Result "0-1"]
[WhiteElo "1245"]
[BlackElo "1122"]
[WhiteTeam "SK Rockaden"]
[BlackTeam "Västerås SK"]

1.e4 e5 2.Nf3 Nc6 3.Bc4 Bc5 4.c3 d6 5.d4 exd4 6.cxd4 Bb4+ 7.Bd2 Bxd2+ 8.
Nbxd2 Bg4 9.O-O Nxd4 10.Qa4+ c6 11.Bxf7+ Kxf7 12.Qxd4 Nf6 13.Rfe1 Re8 14.
Qc4+ Kf8 15.Ng5 Re7 16.Ngf3 Qe8 17.Nd4 d5 18.Qb4 Kg8 19.Nc2 Nxe4 20.Nxe4 
Rxe4 21.Rxe4 Qxe4 22.Qxb7 Rf8 23.Qb3 Qe2 24.Rf1 Bf5 25.Ne3 Be4 26.Qc3 Rf6 
27.Re1 Qxf2+ 28.Kh1 Bxg2+ 29.Nxg2 Qf1+ 30.Rxf1 Rxf1# 0-1

[Event "Flick-SM C"]
[Site "Limhamn"]
[Date "2016.01.23"]
[Round "6"]
[White "Slowak, Ida"]
[Black "Ng, Agnes"]
[Result "0-1"]
[WhiteElo "1294"]
[BlackElo "1406"]
[WhiteTeam "Jönköping-Husqvarna SK"]
[BlackTeam "Örgryte SK"]

1.e4 c5 2.Bc4 Nc6 3.a3 g6 4.d3 Bg7 5.h3 d6 6.Nf3 Nf6 7.c3 O-O 8.g4 e6 9.g5
Nh5 10.Be3 b6 11.h4 Bb7 12.Nbd2 d5 13.exd5 exd5 14.Ba2 Re8 15.Kf1 d4 16.
cxd4 cxd4 17.Nxd4 Nxd4 18.Rg1 Ne6 19.Rb1 Qxd3+ 20.Ke1 Nef4 0-

[Event "Flick-SM C"]
[Site "Limhamn"]
[Date "2016.01.24"]
[Round "7"]
[White "Moren, Sara"]
[Black "Sorensen, Alva"]
[Result "1-0"]
[WhiteElo "1110"]
[BlackElo "1245"]
[WhiteTeam "Limhamns SK"]
[BlackTeam "SK Rockaden"]

1.e4 e5 2.Nf3 Nc6 3.Bc4 Nf6 4.Nc3 Be7 5.d3 d6 6.Bg5 O-O 7.O-O Bd7 8.Bxf6 
Bxf6 9.Nd5 Bg4 10.h3 Bd7 11.Qd2 Kh8 12.Rae1 Nb8 13.d4 c6 14.Nxf6 Qxf6 15.
dxe5 dxe5 16.Ng5 Qg6 17.Qe3 h6 18.Nf3 Bxh3 19.Nh4 Qg4 20.Qxh3 Qg5 21.Re3 
Na6 22.Rg3 Qf6 23.Qg4 Nc5 24.Re1 Rad8 25.f3 Rg8 26.Nf5 Rd2 27.Rc1 Ne6 28.
Bxe6 fxe6 29.Ne3 Rgd8 30.c3 Qf4 31.Qxg7# 1-0

[Event "Flick-SM C"]
[Site "Limhamn"]
[Date "2016.01.24"]
[Round "7"]
[White "Kullberg Thorn, Isa"]
[Black "Slowak, Ida"]
[Result "0-1"]
[WhiteElo "1020"]
[BlackElo "1294"]
[WhiteTeam "Kristallens SK"]
[BlackTeam "Jönköping-Husqvarna SK"]

1.e4 c5 2.Nf3 e6 3.e5 a6 4.Bc4 Nc6 5.d3 h6 6.a3 g5 7.h3 Bg7 8.O-O Nxe5 9.
Nxe5 Bxe5 10.Re1 Bg7 11.Nc3 b6 12.a4 Bb7 13.Be3 h5 14.Ne4 Bxe4 15.dxe4 g4 
16.h4 Qxh4 17.c3 g3 18.f3 Qh2+ 19.Kf1 Qh1+ 20.Ke2 Qxg2+ 21.Kd3 Qxb2 22.Rg1
Qxc3+ 23.Ke2 Qxc4+ 24.Qd3 Qxd3+ 25.Kxd3 Bxa1 26.Rxa1 h4 27.a5 bxa5 28.Rxa5
h3 29.Rxc5 h2 30.Rc1 h1=Q 31.Rxh1 Rxh1 32.f4 g2 33.f5 g1=Q 34.Bxg1 Rxg1 
35.fxe6 dxe6 36.Kd4 Rd8+ 37.Kc5 Rc1+ 38.Kb6 a5 39.Ka6 a4 40.Ka5 a3 41.Kb4 
a2 42.Kb3 a1=Q 43.Kb4 Rb8# 0-1

[Event "Flick-SM C"]
[Site "Limhamn"]
[Date "2016.01.24"]
[Round "7"]
[White "Wass, Elsa"]
[Black "Ng, Agnes"]
[Result "0-1"]
[WhiteElo "1122"]
[BlackElo "1406"]
[WhiteTeam "Västerås SK"]
[BlackTeam "Örgryte SK"]

1.e4 c5 2.Nf3 Nc6 3.Bc4 g6 4.d3 Bg7 5.Nc3 d6 6.Ng5 e6 7.O-O Nf6 8.Bf4 Nh5 
9.Bd2 O-O 10.f4 h6 11.Nf3 Nd4 12.Nxd4 Bxd4+ 13.Kh1 Qh4 14.Rf3 e5 15.Rf1 
Ng3# 0-

[Event "Flick-SM C"]
[Site "Limhamn"]
[Date "2016.01.24"]
[Round "7"]
[White "Zarytovskaya, Margo"]
[Black "Westin, Nathalie"]
[Result "1-0"]
[WhiteElo "1752"]
[BlackElo "1394"]
[WhiteTeam "Västerås SK"]
[BlackTeam "Limhamns SK"]

1.e4 e6 2.d4 d5 3.Nc3 Nc6 4.Nf3 f6 5.Bd3 Nh6 6.O-O Nf7 7.exd5 exd5 8.Bf4 
a6 9.Ne2 Be6 10.c3 Bd6 11.Bc2 Ne7 12.Re1 O-O 13.Bxd6 Qxd6 14.Ng3 Nh6 15.
Qe2 Bf5 16.Nxf5 Nhxf5 17.g4 Nxd4 18.Nxd4 Ng6 19.Qe6+ Qxe6 20.Nxe6 Rac8 21.
Nxf8 Nxf8 22.Bf5 Rd8 23.Rad1 c6 24.c4 g6 25.Bc2 Kf7 26.cxd5 cxd5 27.Bb3 
Kg7 28.Rxd5 Rxd5 29.Bxd5 b5 30.Re7+ Kh6 31.Ra7 g5 32.Rxa6 Ng6 33.Rxf6 b4 
34.a3 b3 35.a4 Kg7 36.Rxg6+ hxg6 37.a5 Kf6 38.a6 Ke5 39.Bxb3 Kf4 40.a7 
Kxg4 41.a8=Q Kf5 42.Qd5+ Kf6 43.Qe6+ Kg7 44.Bc2 Kf8 45.Bxg6 Kg7 46.Qf7+ 
Kh6 47.Qh7# 1-0

[Event "Flick-SM C"]
[Site "Limhamn"]
[Date "2016.01.24"]
[Round "8"]
[White "Westin, Nathalie"]
[Black "Linden, Tess"]
[Result "1-0"]
[WhiteElo "1394"]
[BlackElo "1049"]
[WhiteTeam "Limhamns SK"]
[BlackTeam "Örebro SS"]

1.d4 d5 2.c4 Nf6 3.Nc3 Bf5 4.e3 e6 5.a3 c5 6.Nf3 Nc6 7.Bd3 Ne4 8.O-O Bd6 
9.h3 h5 10.cxd5 exd5 11.Nxd5 Bc7 12.Nxc7+ Qxc7 13.dxc5 O-O-O 14.Qc2 Ne5 
15.Bxe4 Be6 16.Nxe5 Qxe5 17.Bd2 Qg5 18.b4 Bxh3 19.Bf3 Rd6 20.cxd6+ Kd7 21.
Qc5 Qg6 22.Bc3 Rh6 23.Qe5 Bxg2 24.Bxg2 h4 25.Qe7+ Kc8 26.Qc7# 1-0

[Event "Flick-SM C"]
[Site "Limhamn"]
[Date "2016.01.24"]
[Round "8"]
[White "Slowak, Ida"]
[Black "Wass, Elsa"]
[Result "0-1"]
[WhiteElo "1294"]
[BlackElo "1122"]
[WhiteTeam "Jönköping-Husqvarna SK"]
[BlackTeam "Västerås SK"]

1.e4 e5 2.Bc4 Nc6 3.a3 Bc5 4.d3 h6 5.h3 Nf6 6.Nf3 d6 7.c3 d5 8.exd5 Nxd5 
9.Qe2 O-O 10.O-O Re8 11.Bxd5 Qxd5 12.Nbd2 Bf5 13.Ne4 Bb6 14.c4 Nd4 15.Nxd4
Qxd4 16.Be3 Qd7 17.Bxb6 axb6 18.Rad1 Re6 19.Qf3 Rg6 20.Ng3 Bxh3 21.gxh3 
Qxh3 22.Rde1 h5 23.Re3 h4 24.Qxb7 Rf8 25.Qh1 Qxh1+ 26.Kxh1 hxg3 27.fxg3 
Rd6 28.Rf5 f6 29.g4 Rd4 30.g5 Rg4 31.gxf6 gxf6 32.Rh3 Kf7 33.Rh7+ Ke6 34.
Rf3 Rd8 35.Rxc7 Rh8+ 0